000 00329nam a2200121Ia 4500
008 240731s9999 xx 000 0 und d
022 _a1532-415X
245 0 _aCommunications in Statistics - Theory and Methods
260 _bTaylor & Francis
856 _uhttps://www.tandfonline.com/loi/lsta20
942 _2ddc
942 _cTFEJ
999 _c75995
_d75995
945 _a1
_bMadushi Gamage
_c1
_dMadushi Gamage